000 00755nam a2200229Ia 4500
003 OSt
005 20220928105225.0
006 a|||||r|||| 00| 0
007 ta
008 220927b |||||||| |||| 00| 0 eng d
024 _a60112
037 _cTextual
040 _aSDCL
_cSDCL
_beng
041 _2eng
_aeng
082 _aR66x1, M4
100 _aRadhakrishana Sastri Vaidya S V Co.
_9414370
245 0 _aSri Sankara Vijaya Makaranda
_b Compiled from all Sankara Vijayas and other sources of life history of sri Sankara Bhagvatpada.
260 _aNew Delhi
_bMeharchand Lachhmandas Publishing
_c1984
300 _a340p.
_ccm.
942 _hR66x1, M4
_cTEXL
_2CC
999 _c730193
_d730193